000 00668nam a22002057a 4500
999 _c8163
_d8163
003 AR-CdUCM
008 190322b ||||| |||| 00| 0 spa d
040 _aMUNICIPALIDAD PROVINCIAL DEL CUSCO
_cBIBLIOTECA MUNICIPAL DEL CUSCO
082 _a985.62 /
_bF84
100 _aFrisancho Pineda , David
_923034
245 _aCreencias y supersticiones relacionadas con las enfermedades en el altiplano puneño /
260 _aPuno :
_bLos Andes,
_c1963.
300 _a72 páginas ;
_c21 cm.
500 _aDonación familia Nieto.
650 _aEnfermedades
_95611
650 _aPuno - Perú
_917146
650 _aSuperstición
_923035
942 _2ddc
_cLIBROS
945 _azta